What Year did it Happen? - Statistics

General Stats
  • This quiz has been taken 214 times
  • The average score is 14 of 46
Answer Stats
Hint Answer % Correct
September 11 Terrorist Attacks on New York City 2001
81%
Archduke Franz Ferdinand Assassinated 1914
75%
Barack Obama becomes the First Black American President 2008
67%
Sputnik Launched by Soviet Union 1957
66%
Apollo 11 Moon Landing 1969
61%
O.J. Simpson Murder Trial Concludes 1995
58%
Atomic Bombs dropped on Hiroshima and Nagasaki 1945
57%
Berlin Wall Falls 1989 or 1990
53%
War of 1812 Comes to a Close 1815
47%
U.S. President John Kennedy is Assassinated 1963
43%
"Harry Potter and the Philosopher's Stone" debuts in England 1997
43%
Colombus Sailed the Ocean Blue 1492
42%
Michael Jackson's Thriller is Released 1982
39%
September 11 Terrorist Attack on American Embassy in Benghazi, Libya 2012
39%
Woodstock 1969
38%
Martin Luther King Delivers his "I Have a Dream" speech 1963
37%
The American Civil War Ends 1865
36%
"Black Tuesday" Stock Market Crash 1929
36%
Alaska and Hawaii become the 49th and 50th States Respectively 1959
36%
Magna Carta Issued 1215
28%
Rodney King Beaten on the Streets of Los Angeles 1991
28%
The Wright Brothers achieve the first heavier than air flight 1903
27%
South African Apartheid Ends 1994
27%
Pilgrims Land on Plymouth Rock 1620
26%
Newtown Connecticut Sandyhook Elementary School Shooting 2012
24%
The American "Declaration of Indepedence" is adopted by the Continental Congress 1776
23%
French Revolution Begins 1789
23%
Columbine High School Shooting 1999
23%
"Gone with the Wind" wins 10 Academy Awards 1939
22%
U.S. President William McKinley is Assassinated 1901
19%
Golda Meir becomes 4th Prime Minister of Isreal 1969
17%
Julius Caesar Stabbed to Death on the Senate Floor 44 BC
17%
The Green Bay Packers win the first Super Bowl 1967
15%
Irish "Bloody Sunday" massacre in Derry 1972
14%
Louisiana Purchase 1803
13%
Plane crash kills musicians Boddy Holly, The Big Bopper, and Ritchie Valens 1959
11%
The American Consitution Goes Into Effect 1789
10%
Jackie Robinson Breaks Major League Baseball's Color Barrier 1947
10%
Playboy Magazine Debuts 1953
9%
Dubbed "The Miracle on Ice", the U.S. Olympic Hockey Team defeats USSR to advance to the gold medal game 1980
9%
The Little Rock Nine attend Little Rock Central High School 1957
7%
Isaac Newton's "The Principia" is published 1687
6%
Michelangelo Completes the Ceiling of the Sistine Chapel 1512
4%
Roger Maris hits 61 Home Runs in a season 1961
4%
Wilt Chamberlain scores 100 points in a regulation basketball game 1962
4%
Secretariat Wins Triple Crown 1973
3%
No matching quizzes found
Score Distribution
Percent of People with Each Score
Percentile by Number Answered
Your Score History
You have not taken this quiz